<?xml version="1.0" encoding="UTF-8"?><?xml-stylesheet type="text/xsl" href="static/style.xsl"?><OAI-PMH xmlns="http://www.openarchives.org/OAI/2.0/" xmlns:xsi="http://www.w3.org/2001/XMLSchema-instance" xsi:schemaLocation="http://www.openarchives.org/OAI/2.0/ http://www.openarchives.org/OAI/2.0/OAI-PMH.xsd"><responseDate>2026-04-14T04:17:46Z</responseDate><request verb="GetRecord" identifier="oai:www.recercat.cat:20.500.12327/3407" metadataPrefix="marc">https://recercat.cat/oai/request</request><GetRecord><record><header><identifier>oai:recercat.cat:20.500.12327/3407</identifier><datestamp>2025-10-22T11:08:04Z</datestamp><setSpec>com_2072_4428</setSpec><setSpec>com_2072_4427</setSpec><setSpec>col_2072_487898</setSpec></header><metadata><record xmlns="http://www.loc.gov/MARC21/slim" xmlns:dcterms="http://purl.org/dc/terms/" xmlns:xsi="http://www.w3.org/2001/XMLSchema-instance" xmlns:doc="http://www.lyncode.com/xoai" xsi:schemaLocation="http://www.loc.gov/MARC21/slim http://www.loc.gov/standards/marcxml/schema/MARC21slim.xsd">
   <leader>00925njm 22002777a 4500</leader>
   <datafield ind2=" " ind1=" " tag="042">
      <subfield code="a">dc</subfield>
   </datafield>
   <datafield ind2=" " ind1=" " tag="720">
      <subfield code="a">Avila, Lindiomar Borges</subfield>
      <subfield code="e">author</subfield>
   </datafield>
   <datafield ind2=" " ind1=" " tag="720">
      <subfield code="a">Serrano, Pablo A.</subfield>
      <subfield code="e">author</subfield>
   </datafield>
   <datafield ind2=" " ind1=" " tag="720">
      <subfield code="a">Quispe, Luis Torres</subfield>
      <subfield code="e">author</subfield>
   </datafield>
   <datafield ind2=" " ind1=" " tag="720">
      <subfield code="a">Dantas, Adriana</subfield>
      <subfield code="e">author</subfield>
   </datafield>
   <datafield ind2=" " ind1=" " tag="720">
      <subfield code="a">Costa, Diogo Pontes</subfield>
      <subfield code="e">author</subfield>
   </datafield>
   <datafield ind2=" " ind1=" " tag="720">
      <subfield code="a">Arizaca, Edy Elar Cuevas</subfield>
      <subfield code="e">author</subfield>
   </datafield>
   <datafield ind2=" " ind1=" " tag="720">
      <subfield code="a">Chávez, Diana Patricia Paredes</subfield>
      <subfield code="e">author</subfield>
   </datafield>
   <datafield ind2=" " ind1=" " tag="720">
      <subfield code="a">Portugal, César Daniel Valdivia</subfield>
      <subfield code="e">author</subfield>
   </datafield>
   <datafield ind2=" " ind1=" " tag="720">
      <subfield code="a">Müller, Christian Klaus</subfield>
      <subfield code="e">author</subfield>
   </datafield>
   <datafield ind2=" " ind1=" " tag="260">
      <subfield code="c">2024-08-01</subfield>
   </datafield>
   <datafield ind2=" " ind1=" " tag="520">
      <subfield code="a">In this work, iron hexacyanoferrate (FeHCF—Prussian blue) particles have been grown onto a reduced graphene oxide substrate through a pulsed electrodeposition process. Thus, the prepared FeHCF electrode exhibits a specific volumetric capacitance of 88 F cm−3 (specific areal capacitance of 26.6 mF cm−2) and high cycling stability with a capacitance retention of 93.7% over 10,000 galvanostatic charge–discharge cycles in a 1 M KCl electrolyte. Furthermore, two identical FeHCF electrodes were paired up in order to construct a symmetrical supercapacitor, which delivers a wide potential window of 2 V in a 1 M KCl electrolyte and demonstrates a large energy density of 27.5 mWh cm−3 at a high power density of 330 W cm−3.</subfield>
   </datafield>
   <datafield ind1="8" ind2=" " tag="024">
      <subfield code="a">Avila, Lindiomar Borges, Pablo A. Serrano, Luis Torres Quispe, Adriana Dantas, Diogo Pontes Costa, Edy Elar Arizaca, and Diana Patricia Chávez et al. 2024. “Prussian blue anchored on reduced graphene oxide substrate achieving high voltage in symmetric supercapacitor”. Materials 17(15): 3782. doi:10.3390/ma17153782.</subfield>
   </datafield>
   <datafield ind1="8" ind2=" " tag="024">
      <subfield code="a">1996-1944</subfield>
   </datafield>
   <datafield ind1="8" ind2=" " tag="024">
      <subfield code="a">http://hdl.handle.net/20.500.12327/3407</subfield>
   </datafield>
   <datafield ind1="8" ind2=" " tag="024">
      <subfield code="a">https://doi.org/10.3390/ma17153782</subfield>
   </datafield>
   <datafield ind2="0" ind1="0" tag="245">
      <subfield code="a">Prussian blue anchored on reduced graphene oxide substrate achieving high voltage in symmetric supercapacitor</subfield>
   </datafield>
</record></metadata></record></GetRecord></OAI-PMH>